000 00341nam a2200157Ia 4500
100 _aShetty/Devdas/ kOLK/R.A
942 _cBK
366 _f15
654 _aMechatronics
245 _aMechatronics system design
260 _bBrooks/cole Pub Co
_c1997
082 _a621.381042
_bSHE
300 _a422
546 _aENGLISH
999 _c29239
_d29239